00481nam a2200169Ia 4500008004100000020001800041041000800059082001500067100003100082245002400113260003500137300000800172365001600180700004300196906005300239999001900292230714s9999 xx 000 0 und d a9780000000000 aeng a604.2bPAR aParthasarathy N.S.9199809 aEngineering Drawing c2016bOxford University Press a692 cRs.b499.00 aParthasarathy N.S. & Murali V.9199810 dO:0367805-Jan-2017B:517503-Jan-2017cBSHb1397.2 c219557d219557